| 000 | 00000cas 2200000zi 4500 |
| 001 | 9.960547 |
| 003 | CaOODSP |
| 005 | 20260304093113 |
| 006 | m o d f |
| 007 | cr ||||||||||| |
| 008 | 260304d19821983onc x m o f0###|0fre|d |
| 040 | |aCaOODSP|bfre|erda|cCaOODSP |
| 043 | |an-cn--- |
| 086 | 1 |aEn36-539F-PDF |
| 130 | 0 |aManuscrit inédit (Institut national de recherche sur les eaux (Canada)) |
| 245 | 10|aManuscrit inédit / |cInstitut national de recherche sur les eaux. |
| 264 | 1|aBurlington (Ont.) : |bNational Water Research Institute = Institut national de recherche sur les eaux, |c[1982-1983?] |
| 310 | |aIrrégulier |
| 336 | |atexte|btxt|2rdacontent/fre |
| 337 | |ainformatique|bc|2rdamedia/fre |
| 338 | |aressource en ligne|bcr|2rdacarrier/fre |
| 500 | |aÉdition numérisée de l’imprimé [par Environnement et Changement climatique Canada]. |
| 500 | |aPublié aussi en anglais sous le titre : Unpublished manuscript (National Water Research Institute (Canada)). |
| 588 | |aDescription d'après : no. 78 (décembre 1982; étude H82 306). |
| 650 | 6|aHydrologie|xRecherche|zCanada. |
| 710 | 2 |aInstitut national de recherche sur les eaux (Canada), |eorganisme de publication. |
| 710 | 1 |aCanada. |bEnvironnement Canada, |eorganisme de publication. |
| 775 | 08|tUnpublished manuscript / |w(CaOODSP)9.901451 |